Normal view
MARC view
- Artificial intelligence.
Entry Topical Term
001 - CONTROL NUMBER
- control field: 61572
003 - CONTROL NUMBER IDENTIFIER
- control field: OSt
005 - DATE AND TIME OF LATEST TRANSACTION
- control field: 20240924125735.0
008 - FIXED-LENGTH DATA ELEMENTS
- fixed length control field: 240924|| aca||aabn | a|a d
040 ## - CATALOGING SOURCE
- Original cataloging agency: OSt
- Transcribing agency: OSt
150 ## - HEADING--TOPICAL TERM
- Topical term or geographic name entry element: Artificial intelligence.
670 ## - SOURCE DATA FOUND
- Source citation: Work cat.: (OSt)20517: Brennan-Marquez, Kiel. author 57946, Artificial intelligence and role-reversible judgment /, Spring 2019.
